Coat of Arms - Oceania Countries - Statistics

General Stats
  • This quiz has been taken 12 times
  • The average score is 13 of 14
Answer Stats
Picture Answer % Correct
Australia
100%
Kiribati
100%
New Zealand
100%
Tonga
100%
Fiji
89%
F.S. Micronesia
89%
Marshall Islands
89%
Nauru
89%
Palau
89%
Papua New Guinea
89%
Samoa
89%
Tuvalu
89%
Vanuatu
89%
Solomon Islands
78%
No matching quizzes found
Score Distribution
Percent of People with Each Score
Percentile by Number Answered
Your Score History
You have not taken this quiz